000 00549nam a2200217Ia 4500
005 20250505125011.0
008 008 250505s9999 xx 000 0 eng d
037 _aReference
040 _aLCO
_beng
_cLCO
041 _aeng
_2eng
084 _aZ2,94 R4
_qLCO
100 _aRatanlal
245 0 _aBhartiya Sakshya Adhiniyam
_cRatanlal
250 _a27th
260 _aHaryana, India
_bLexis Nexis
_c2024
300 _a1059
365 _aINR
_b4495
650 _aLaw
942 _cREF
_hZ2,94 R4
999 _c1311025
_d1311025